Zufällige Länder Afrikas Quiz - Statistiken

Allgemein
  • Dieses Quiz wurde 575 mal gespielt
  • Das Durchschnittsergebnis liegt bei 13 aus 15
Antworten auf der Karte
Die Antworten werden auf der Karte rot bzw. grün angezeigt, abhängig davon wie oft sie richtig erraten wurden.
 
Antwortstatistiken
Land % Korrekt
Marokko
100%
Niger
100%
Südafrika
100%
Ägypten
98%
Somalia
98%
Algerien
97%
Kongo (Rep.)
97%
Madagaskar
97%
Südsudan
96%
Kongo (Dem. Rep.)
95%
Zentralafrikanische Republik
95%
Eritrea
94%
Libyen
94%
Mauretanien
94%
Tunesien
94%
Äthiopien
93%
Ruanda
93%
Tansania
92%
Komoren
91%
Namibia
91%
Nigeria
91%
Sudan
91%
Elfenbeinküste
90%
Angola
89%
Ghana
89%
Seychellen
89%
Botswana
88%
Guinea
88%
Tschad
88%
Uganda
88%
Kap Verde
87%
Kenia
87%
Mali
87%
Sierra Leone
87%
Äquatorial- Guinea
86%
Lesotho
85%
Togo
85%
Burkina Faso
84%
Kamerun
84%
Benin
83%
Eswatini
83%
Senegal
83%
Simbabwe
82%
Burundi
81%
Gambia
81%
Mosambik
81%
Dschibuti
80%
Liberia
80%
Mauritius
80%
Guinea-Bissau
78%
São Tomé und Príncipe
78%
Sambia
76%
Malawi
71%
Gabun
68%
Keine übereinstimmenden Quizze gefunden
Verteilung der Resultate
Anzahl Personen mit jedem Resultat
Perzentil nach korrekt beantworteten Fragen
Ihre Resultats-Entwicklung
Sie haben dieses Quiz noch nicht gespielt